| 000 | 01206cam a2200289zu 4500 | ||
|---|---|---|---|
| 001 | 88801979 | ||
| 003 | FRCYB88801979 | ||
| 005 | 20251020123953.0 | ||
| 006 | m o d | ||
| 007 | cr un | ||
| 008 | 251020s2005 fr | o|||||0|0|||fre d | ||
| 020 | _a9782894647363 | ||
| 035 | _aFRCYB88801979 | ||
| 040 |
_aFR-PaCSA _bfr _c _erda |
||
| 100 | 1 | _aChagnon, Isabelle | |
| 245 | 0 | 1 |
_aVoyager avec des enfants _c['Chagnon, Isabelle', 'Kiefer, Lio'] |
| 264 | 1 |
_bUlysse (Guides de voyage) _c2005 |
|
| 300 | _a p. | ||
| 336 |
_btxt _2rdacontent |
||
| 337 |
_bc _2rdamdedia |
||
| 338 |
_bc _2rdacarrier |
||
| 650 | 0 | _a | |
| 700 | 0 | _aChagnon, Isabelle | |
| 700 | 0 | _aKiefer, Lio | |
| 856 | 4 | 0 |
_2Cyberlibris _uhttps://international.scholarvox.com/netsen/book/88801979 _qtext/html _a |
| 520 | _aCe guide se veut un document de référence pour toutes les étapes d’un voyage effectué avec des enfants – avant, pendant et après –, près de chez soi ou à l’étranger, en camping ou en hôtel cinq étoiles. Il propose des centaines de trucs de voyage, parfois surprenants, toujours efficaces, selon l’âge de l’enfant ou encore selon le mode de transport emprunté. | ||
| 999 |
_c1555927 _d1555927 |
||